Tax haven and financial secrecy countries and territories - Statistics

General Stats
  • This quiz has been taken 190 times
    80 since last reset
  • The average score is 63 of 141
Answer Stats
Rank Answer % Correct
2 Switzerland
79%
1 United States
79%
27 Ireland
76%
13 United Kingdom
76%
5 Luxembourg
69%
22 Bahamas
66%
54 Liechtenstein
66%
118 Monaco
66%
14 Cayman Islands
64%
11 China
64%
30 France
64%
18 Panama
64%
43 Russia
64%
3 Singapore
64%
114 Andorra
63%
8 United Arab Emirates
63%
29 Spain
61%
28 Canada
60%
7 Germany
60%
126 Iceland
60%
36 India
60%
6 Japan
60%
82 Mexico
60%
20 Qatar
60%
44 Austria
58%
67 Sweden
58%
48 Norway
57%
140 San Marino
57%
37 Australia
55%
63 Barbados
55%
15 Cyprus
55%
38 Malta
55%
80 Denmark
54%
88 Finland
54%
60 Bahrain
52%
125 Estonia
52%
99 Greece
52%
4 Hong Kong
52%
95 Latvia
52%
53 New Zealand
52%
16 South Korea
52%
26 Belgium
51%
84 Dominican Republic
51%
32 Israel
51%
12 Netherlands
51%
57 Portugal
51%
25 Saudi Arabia
51%
17 Taiwan
51%
49 Bermuda
49%
105 Costa Rica
49%
35 Kuwait
49%
103 Lithuania
49%
86 Poland
49%
130 Trinidad and Tobago
49%
127 Antigua and Barbuda
48%
128 Dominica
48%
21 Italy
48%
133 Saint Lucia
48%
85 Ukraine
48%
83 Brazil
46%
121 Fiji
46%
132 Grenada
46%
76 Hungary
46%
39 Malaysia
46%
46 South Africa
46%
87 US Virgin Islands
46%
111 Argentina
45%
106 Bulgaria
45%
77 Lebanon
45%
47 Oman
45%
136 Brunei
43%
45 Guatemala
43%
66 Indonesia
43%
64 Puerto Rico
43%
62 Romania
43%
68 Saint Kitts and Nevis
43%
122 Saint Vincent and the Grenadines
43%
89 Seychelles
43%
56 Egypt
42%
55 Mauritius
42%
74 Pakistan
42%
72 Philippines
42%
23 Thailand
42%
59 Turkey
42%
123 Albania
40%
115 Belize
40%
108 Colombia
40%
100 Croatia
40%
92 Czech Republic
40%
79 Morocco
40%
137 Slovenia
40%
73 Chile
39%
116 Ecuador
39%
19 Jersey
39%
78 Kazakhstan
39%
91 Maldives
39%
101 Slovakia
39%
34 Algeria
37%
97 El Salvador
37%
119 Montenegro
37%
110 Serbia
37%
102 Tunisia
37%
71 Uruguay
37%
24 Vietnam
37%
10 Guernsey
36%
65 Jordan
36%
42 Nigeria
36%
107 Peru
36%
50 Sri Lanka
36%
135 American Samoa
34%
61 Isle of Man
34%
51 Marshall Islands
34%
139 Nauru
34%
104 Samoa
34%
112 Vanuatu
34%
69 Venezuela
34%
41 Kenya
33%
52 Bangladesh
31%
96 Gibraltar
31%
70 Ghana
30%
129 Kosovo
30%
117 Paraguay
30%
134 Guam
28%
94 Namibia
28%
75 Aruba
27%
109 Bolivia
27%
9 British Virgin Islands
27%
124 North Macedonia
27%
93 Tanzania
25%
33 Angola
24%
113 Botswana
22%
90 Curaçao
22%
40 Liberia
22%
98 Rwanda
22%
31 Macao
21%
141 Montserrat
21%
138 Gambia
19%
58 Anguilla
16%
81 Cameroon
16%
131 Cook Islands
15%
120 Turks and Caicos Islands
13%
No matching quizzes found
Score Distribution
Percent of People with Each Score
Percentile by Number Answered
Your Score History
You have not taken this quiz since the last reset